| 000 | 00668nam a22002177a 4500 | ||
|---|---|---|---|
| 005 | 20170124105938.0 | ||
| 010 | _a841145 | ||
| 020 | _c00.00 | ||
| 035 | _a841145 | ||
| 037 | _bCen Lib/Ret | ||
| 040 |
_aDPL _bEN |
||
| 082 |
_a320.10973 _2AME |
||
| 245 |
_aAmerican political thoughts : _cedited by John P. Roche _bfrom jefferson to progressivism / |
||
| 260 |
_aCalcutta _bScientific book agency _c1952 |
||
| 270 |
_a22 Raja woodmunt _bCalcutta |
||
| 300 |
_a286p. _c21cm(Hb) |
||
| 650 |
_aPolitical sicence _910385 |
||
| 650 |
_aPolitical thughts _zAmerica _910386 |
||
| 700 |
_aRoche, R. John _910381 |
||
| 942 |
_2ddc _cEN _h320.10973 _mAME |
||
| 999 |
_c124330 _d124330 |
||